| 000 | 00854cam a22001935a 4500 | ||
|---|---|---|---|
| 001 | L137523 | ||
| 008 | 070413s2007 xxk f 000 0 eng d | ||
| 035 | _a(Sirsi) u137523 | ||
| 041 | 0 | _aeng | |
| 245 | 0 | 0 |
_aProperty week supplement _bglobal retail |
| 260 | _c2007 | ||
| 490 | 0 |
_aProperty Week _vSupplement 29 September 2006, (22) (LOAN) |
|
| 520 | _aDiscusses the development of a design winning store in New York, the selling of shopping centres by the Swedish government, the Kaliningrad property investment market, the Ukraine retail market, the expansion of an American investment firm into the European factory outlet market, and the growth of the Bulgarian shopping centre sector. | ||
| 590 | _aKA | ||
| 651 | 4 | _aInternational | |
| 690 | _aPROPERTY-COMMERCIAL PROPERTY-RETAIL PROPERTY | ||
| 700 | 1 |
_aMcAllister, Sean _eEditor |
|
| 942 | _n0 | ||
| 999 |
_c106807 _d106807 |
||